Contents of thought /

Bibliographic Details
Corporate Author: Oberlin Colloquium in Philosophy Oberlin College
Other Authors: Grimm, Robert H., Merrill, Daniel D. (Daniel Davy)
Format: Conference Proceeding Book
Language:English
Published: Tucson : University of Arizona Press, [1988]
Series:Arizona colloquium in cognition.
Subjects:

MARC

Tag First Indicator Second Indicator Subfields
LEADER 00000cam a2200000 a 4500
001 in00000025004
005 20151007055702.0
008 880212s1988 azua b s10110 eng
010 |a  88004717  
020 |a 0816510644 (alk. paper) 
035 |a (OCoLC)17549988 
035 |9 AAB8979AM 
040 |a DLC  |c DLC  |d TXA  |d UtOrBLW 
049 |a TXAM  |c [A11667985] 
050 0 0 |a B20  |b .O22 1985 
082 0 |a 121  |2 19 
111 2 |a Oberlin Colloquium in Philosophy  |n (25th :  |d 1985 :  |c Oberlin College) 
245 1 0 |a Contents of thought /  |c Robert H. Grimm and Daniel D. Merrill, editors. 
264 1 |a Tucson :  |b University of Arizona Press,  |c [1988] 
264 4 |c ©1988 
300 |a x, 211 pages :  |b illustrations ;  |c 24 cm. 
336 |a text  |b txt  |2 rdacontent 
337 |a unmediated  |b n  |2 rdamedia 
338 |a volume  |b nc  |2 rdacarrier 
490 1 |a Arizona colloquium in cognition 
500 |a "Proceedings of the 1985 Oberlin Colloquium in Philosophy"--Verso of title page. 
504 |a Bibliography: pages 183-206. 
500 |a Includes index. 
650 0 |a Philosophy  |v Congresses. 
650 0 |a Thought and thinking  |v Congresses. 
700 1 |a Grimm, Robert H. 
700 1 |a Merrill, Daniel D.  |q (Daniel Davy) 
830 0 |a Arizona colloquium in cognition. 
999 |a MARS 
999 f f |s 340307fc-6318-3b18-88b2-c78106f27d76  |i c5f19ff4-3a95-3566-9aa3-89f0fdaf8535  |t 0 
952 f f |p normal  |a Texas A&M University  |b College Station  |c Sterling C. Evans Library  |d Evans: Library Stacks  |t 0  |e B20 .O22 1985  |h Library of Congress classification  |i unmediated -- volume  |m A14811667985 
998 f f |a B20 .O22 1985  |t 0  |l Evans: Library Stacks